000 00718nam a2200241 a 4500
001 13128
003 BD-JhCC
005 20230711103653.0
008 171101s2018 bg |||| ||a| 00| 0 ben d
020 _a9847031502193
035 _a(BD-JhCC)13128
040 _aBD-JhCC
_dBD-JhCC
041 _abengali
082 _bALM 2018
_a891.443
100 _aআলম, বদরুল
245 _aবনদস্যুদের মুখোমুখি /
_cবদরুল আলম।
260 _aঢাকা :
_bসাহিত্য কথা;
_c2018.
300 _a95 p. :
_c21 cm.
490 _aওরা ডানপিটে-৩
650 _aBengali Detective Novel
942 _2ddc
_cBK
_01
999 _c13128
_d13128